| 000 | 01044amm a2200289 4500 | ||
|---|---|---|---|
| 008 | 220124s2013 cat | ||
| 041 |
_acat _bspa |
||
| 041 | _beng | ||
| 100 |
_aCano González, Miguel _975138 |
||
| 245 |
_aGeologia aplicada a l'enginyeria civil _cMiguel Cano González _h[en línia] |
||
| 260 |
_aAlacant _bUniversitat d'Alacant. Servei de Política Lingüística _c2013 |
||
| 300 | _b1 tríptic | ||
| 490 | _aJoan Fuster. Materials docents en valencià. Terminologia Universitària | ||
| 520 | _a190 | ||
| 592 | _aObra terminològica | ||
| 593 | _aCC | ||
| 593 | _aH | ||
| 650 | 0 |
_aconstrucció _960705 |
|
| 650 | 0 |
_ageologia aplicada _964155 |
|
| 650 | 0 |
_ageologia _961191 |
|
| 830 |
_aJoan Fuster. Materials docents en valencià. Terminologia Universitària _967157 |
||
| 856 | _uhttps://sl.ua.es/va/documentos/publicacions/terminologia-universitaria/glossari-geologia.pdf | ||
| 902 | _a220124 | ||
| 942 |
_cMO _n0 _2ddc |
||
| 999 |
_c68062 _d68062 |
||